| 000 | 00520cam a2200205ua 4500 | ||
|---|---|---|---|
| 020 | _c21.00 | ||
| 041 |
_aeng _h |
||
| 082 |
_a628.1 _bBAB/WA |
||
| 100 | _aBabbitt, Harold.E . | ||
| 245 |
_aWater supply engineering / _cE.Harold Babbitt. _hTextual Documents |
||
| 250 |
_a6 / _b. |
||
| 260 |
_aNewyork : _bMc Graw Hill Book Company , _c1962. |
||
| 300 | _a672 ; . | ||
| 365 | _a21.00 | ||
| 504 | _a | ||
| 700 | 1 | _aCleasby, John.L . | |
| 700 | 1 | _aDoland, James.J . | |
| 942 | _cBK | ||
| 999 |
_c1532 _d1532 |
||